000 00862nam a2200241 i 4500
001 170195
003 ES-MaACL
005 20250728111451.0
008 090210s1948 fr |||| | fre d
080 _a2:82(44)
100 1 _aBusson, Henri.
_932860
245 1 3 _aLa religion des classiques (1660-1685) /
_cpar Henri Busson.
260 _aParis :
_bPresses Universitaires de France,
_c1948.
300 _a476 p. ;
_c23 cm.
490 1 _aBibliothèque de philosophie contemporaine
500 _aÍndice.
504 _aBibliografía: p.427-462.
650 7 _aReligión y literatura
_2embne
_9169516
650 4 _aLiteratura francesa-
_yS.XVII-
_xHistoria y crítica.
_9159887
830 0 _aBibliothèque de philosophie contemporaine
_9181027
852 4 _aES-MaACL
_jE-12441
_z. - Biblioteca Jacinto Martínez Lacalle
999 _c170195
_d170195